[Event "Tournoi Skype 030B"]
[Site "Skype"]
[Date "????.??.??"]
[Round "8.24"]
[White "Guillaume, Mickael"]
[Black "Jones, Malcolm"]
[Result "0-1"]
[WhiteElo "1106"]
[BlackElo "1240"]
[PlyCount "34"]

1. e4 d6 2. d4 Nf6 3. Nc3 Nbd7 4. Nf3 e5 5. Bb5 c6 6. Bc4 h6 7. O-O Be7 8. Be3
g5 9. d5 Nf8 10. h3 Ng6 11. Be2 Bd7 12. b4 Qc8 13. Qd2 Nf4 14. Bxf4 gxf4 15. b5
Bxh3 16. gxh3 Qxh3 17. Nh2 Rg8+ 0-1

[Event "Tournoi Skype 030B"]
[Site "Skype"]
[Date "????.??.??"]
[Round "8.25"]
[White "Maccaferri, Massimo"]
[Black "Sanchez Padilla, Armando Edilber"]
[Result "0-1"]
[WhiteElo "1074"]
[BlackElo "1225"]
[PlyCount "52"]

1. e4 e5 2. Bc4 Bc5 3. Nf3 Nf6 4. Nc3 c6 5. Nxe5 O-O 6. Bxf7+ Rxf7 7. Nxf7 Kxf7
8. e5 Qe7 9. d4 Bd6 10. Be3 Bxe5 11. dxe5 Qxe5 12. O-O Ng4 13. g3 d6 14. Re1
Qh5 15. h4 b5 16. Qe2 Nd7 17. Bf4 Ndf6 18. Qe7+ Kg8 19. Qd8+ Kf7 20. Qc7+ Bd7
21. Qxc6 Bxc6 22. Rad1 Re8 23. Bxd6 Rxe1+ 24. Rxe1 Kg8 25. Re6 Qf5 26. Bf4 Qxe6
0-1

[Event "Tournoi Skype 030B"]
[Site "Skype"]
[Date "????.??.??"]
[Round "8.26"]
[White "Nicolini, Francesco"]
[Black "Gomez Caballero, Blas"]
[Result "0-1"]
[WhiteElo "1176"]
[BlackElo "1133"]
[PlyCount "84"]

1. e4 e6 2. Nc3 d5 3. exd5 exd5 4. d4 c5 5. Bb5+ Nc6 6. Nf3 h6 7. Ne5 Bd7 8.
Nxd5 Nxe5 9. Qe2 a6 10. Qxe5+ Ne7 11. Bxd7+ Qxd7 12. dxc5 Qxd5 13. Qxd5 Nxd5
14. c4 Nb4 15. O-O Bxc5 16. Re1+ Be7 17. Re4 Rd8 18. Bf4 Rd7 19. c5 Nd5 20. Bd6
O-O 21. Rd1 Nf6 22. Rxe7 Rxe7 23. Bxe7 Re8 24. Bd6 Re2 25. Rb1 Ng4 26. f3 Ne3
27. g4 Nc4 28. b3 Na3 29. Kf1 Re6 30. Rc1 Nb5 31. Rd1 Nc3 32. Rd2 a5 33. a4 Kh7
34. Rd3 Na2 35. h4 Nb4 36. Rd1 Re3 37. Kg2 Rxb3 38. Rd4 Nc6 39. g5 Nxd4 40.
gxh6 Kxh6 41. f4 Nf5 42. Kf2 Nxh4 0-1

[Event "Tournoi Skype 030B"]
[Site "Skype"]
[Date "????.??.??"]
[Round "8.27"]
[White "Huerta Lopez, Cesar Rogelio"]
[Black "Conde, Carmen"]
[Result "1-0"]
[WhiteElo "1097"]
[BlackElo "1166"]
[PlyCount "51"]

1. d4 d6 2. e3 Nf6 3. Bd3 g6 4. Nf3 Bg7 5. O-O O-O 6. Re1 Bd7 7. Nbd2 Bc6 8. e4
Nbd7 9. d5 Nxd5 10. exd5 Bxd5 11. Bc4 Bc6 12. c3 b5 13. Bd3 Nc5 14. Qc2 d5 15.
Ne5 Be8 16. Ndf3 a6 17. Be3 Ne6 18. Rad1 Qd6 19. Be4 Bxe5 20. Rxd5 Bxh2+ 21.
Nxh2 Qc6 22. Rd2 Qc4 23. Bxa8 Qxa2 24. Bd5 Qa5 25. Rdd1 Qb4 26. cxb4 1-0

[Event "Tournoi Skype 030B"]
[Site "Skype"]
[Date "????.??.??"]
[Round "8.28"]
[White "Mfengu, Daluthando"]
[Black "Franca, Adilson Mendes"]
[Result "0-1"]
[WhiteElo "1000"]
[BlackElo "1147"]
[PlyCount "48"]

1. d4 e5 2. dxe5 Nc6 3. Nf3 Qe7 4. Bf4 Qb4+ 5. Bd2 Qxb2 6. Nc3 Nb4 7. Nd4 c5 8.
Rb1 Qa3 9. Ncb5 Qa5 10. c3 cxd4 11. Nxd4 Nc6 12. c4 Qxe5 13. Nxc6 dxc6 14. e3
Nf6 15. Bd3 Ng4 16. f4 Qd6 17. Qb3 Be7 18. Bb4 c5 19. Bd2 Qh6 20. h3 Qh4+ 21.
Ke2 Qf2+ 22. Kd1 Qxg2 23. Kc2 Nxe3+ 24. Kc3 Bf6# 0-1

[Event "Tournoi Skype 030B"]
[Site "Skype"]
[Date "????.??.??"]
[Round "8.29"]
[White "Milanese, Serge"]
[Black "Bustos, Elias Ezequiel"]
[Result "1-0"]
[WhiteElo "1202"]
[BlackElo "1000"]
[PlyCount "69"]

1. d4 d5 2. Bf4 Bf5 3. e3 e6 4. Bd3 Bd6 5. Bg3 c5 6. Bb5+ Nc6 7. c3 a6 8. Bxc6+
bxc6 9. Nd2 Nf6 10. Ngf3 cxd4 11. Bxd6 Qxd6 12. Nxd4 Bg6 13. h3 c5 14. Qa4+ Qd7
15. Qxd7+ Kxd7 16. N4f3 Kd6 17. c4 Bc2 18. O-O Ne4 19. Nxe4+ Bxe4 20. Ng5 Bg6
21. Rad1 Rhb8 22. Rd2 Rb4 23. b3 Kc6 24. Re1 h6 25. Nf3 f6 26. Nh4 Bh7 27. Nf3
Rd8 28. a3 Rbb8 29. b4 cxb4 30. Nd4+ Kd6 31. c5+ Kxc5 32. Nxe6+ Kc4 33. Rc1+
Kb3 34. Nc5+ Kxa3 35. Ra1# 1-0

[Event "Tournoi Skype 030B"]
[Site "Skype"]
[Date "????.??.??"]
[Round "8.30"]
[White "Salvi, Angele"]
[Black "Alarcon Alarcon, Marina"]
[Result "1-0"]
[WhiteElo "1000"]
[BlackElo "1202"]
[PlyCount "51"]

1. e4 e5 2. Nf3 Nc6 3. d4 exd4 4. Nxd4 Bc5 5. Be3 Qf6 6. c3 Nge7 7. f3 Nxd4 8.
Bxd4 Bxd4 9. Qxd4 Qxd4 10. cxd4 d6 11. Nc3 c6 12. O-O-O a6 13. Na4 b5 14. Nb6
Rb8 15. Nxc8 Rxc8 16. Kb1 c5 17. b3 O-O 18. Be2 f5 19. d5 fxe4 20. fxe4 Rf2 21.
Bf3 c4 22. Rhf1 Rxf1 23. Rxf1 Ng6 24. Bg4 Ne5 25. Bxc8 cxb3 26. Be6+ 1-0

[Event "Tournoi Skype 030B"]
[Site "Skype"]
[Date "????.??.??"]
[Round "8.32"]
[White "Radice, Marco"]
[Black "Rodriguez, Nathalie"]
[Result "1-0"]
[WhiteElo "1000"]
[BlackElo "1127"]
[PlyCount "53"]

1. d4 d5 2. Nf3 Bf5 3. Bf4 e6 4. e3 Nc6 5. Be2 Nf6 6. O-O Be7 7. c4 dxc4 8.
Bxc4 h6 9. Nc3 a6 10. a4 O-O 11. h3 Na5 12. Ba2 c5 13. Bb1 cxd4 14. Bxf5 exf5
15. Nxd4 Qd7 16. Rc1 Rac8 17. Qe2 Nc6 18. Rcd1 Nxd4 19. Rxd4 Qc6 20. e4 Bc5 21.
Rd3 fxe4 22. Rg3 Nh5 23. Qxh5 Qf6 24. Bxh6 Rfe8 25. Bxg7 Qe6 26. Bh6+ Kh7 27.
Bf4+ 1-0

[Event "Tournoi Skype 030B"]
[Site "Skype"]
[Date "????.??.??"]
[Round "8.33"]
[White "Trapletti, Cosetta"]
[Black "Ruiz Aguilera, Juan Jesus"]
[Result "0-1"]
[WhiteElo "1000"]
[BlackElo "1102"]
[PlyCount "112"]

1. d4 Nf6 2. Bf4 d5 3. e3 e6 4. c3 Bd6 5. Be2 O-O 6. Nd2 Bxf4 7. exf4 Qd6 8. g3
c5 9. Ngf3 cxd4 10. cxd4 Ne4 11. O-O Nxd2 12. Qxd2 Bd7 13. Rac1 Rc8 14. Bd3
Rxc1 15. Qxc1 Qb6 16. Qc3 Na6 17. a3 Rc8 18. Qd2 Nb8 19. Ne5 Rc7 20. Nxd7 Rxd7
21. Qc2 Rc7 22. Bxh7+ Kh8 23. Qd3 g6 24. f5 Kxh7 25. f6 Nc6 26. Qf3 Qxd4 27. b4
Ne5 28. Qg2 Ng4 29. Qh3+ Kg8 30. Qh4 Nxf6 31. Qxd4 Kg7 32. Qxa7 Ne8 33. Qb8 Kf8
34. a4 Ke7 35. a5 d4 36. f4 d3 37. Rd1 Rd7 38. b5 Nc7 39. Qxb7 Nd5 40. Qb6 Nxb6
41. Ra1 Ra7 42. a6 Kd6 43. Rc1 d2 44. Rd1 Kc5 45. Rxd2 Kxb5 46. Ra2 Rxa6 47.
Rb2+ Kc6 48. Kf2 Nd5 49. Rc2+ Kd6 50. g4 Nxf4 51. Kg3 Rc6 52. Rd2+ Nd5 53. Kf3
Rc3+ 54. Ke4 f5+ 55. gxf5 gxf5+ 56. Kd4 e5# 0-1

[Event "Tournoi Skype 030B"]
[Site "Skype"]
[Date "????.??.??"]
[Round "8.34"]
[White "Gomez Zuluaga, Jorge Adiel"]
[Black "Baker, Abi"]
[Result "1-0"]
[WhiteElo "1079"]
[BlackElo "1023"]
[PlyCount "117"]

1. e4 d5 2. exd5 Qxd5 3. Nc3 Qd8 4. h3 g6 5. Nf3 Bg7 6. d3 e5 7. Be2 Ne7 8. Bd2
Nbc6 9. a3 Nf5 10. Rb1 Nh4 11. Rg1 Qe7 12. Ne4 Nd4 13. Bg5 Ndxf3+ 14. gxf3
Nxf3+ 15. Bxf3 Qe6 16. Bg4 f5 17. Nc5 Qd5 18. b4 h5 19. Bf3 Qd4 20. Be3 Qc3+
21. Ke2 f4 22. Bd2 Qxa3 23. Rxg6 Rh7 24. Rg5 Bxh3 25. Bxh5+ Ke7 26. Nxb7 Qa6
27. Bg6 Rh6 28. Be4 Qa2 29. Rxg7+ Kf6 30. Rxc7 Bg4+ 31. Bf3 Bxf3+ 32. Kxf3 Qd5+
33. Ke2 f3+ 34. Ke3 Rh2 35. Qxf3+ Qxf3+ 36. Kxf3 Rf8 37. Be1 Kg5+ 38. Ke2 Kf5
39. Nc5 Kg4 40. Rg7+ Kh3 41. b5 Rc8 42. Rh7+ Kg2 43. Rxh2+ Kxh2 44. Bb4 Kg2 45.
c4 Rf8 46. Ne4 Rh8 47. Ra1 Rh7 48. Ra6 Rg7 49. Bc5 Rf7 50. Rxa7 Rf4 51. b6 Kh3
52. b7 Kg4 53. b8=Q Kf5 54. Bd6 Kg4 55. Bxe5 Rf3 56. Qg8+ Kf5 57. Rf7+ Kxe5 58.
Rxf3 Kd4 59. Qd5# 1-0

[Event "Tournoi Skype 030B"]
[Site "Skype"]
[Date "????.??.??"]
[Round "8.35"]
[White "Luna Perez Vico, Lorenzo"]
[Black "Nontsikelelo, Yvonne"]
[Result "1-0"]
[WhiteElo "1341"]
[BlackElo "1000"]
[PlyCount "97"]

1. e4 e5 2. Nf3 Nc6 3. d4 Nf6 4. d5 Ne7 5. Nc3 d6 6. h3 c6 7. Bc4 h6 8. a3 a6
9. Be3 b5 10. Ba2 Bb7 11. dxc6 Nxc6 12. b4 Be7 13. Qd3 O-O 14. Nd5 Nxd5 15.
Bxd5 Bg5 16. Bxg5 hxg5 17. Qe3 Qe7 18. c3 Nd8 19. Qxg5 Qxg5 20. Nxg5 Bxd5 21.
exd5 f6 22. Ne4 Nf7 23. Kd2 f5 24. Ng3 a5 25. Nxf5 Ng5 26. Nxd6 Rxf2+ 27. Ke3
Rxg2 28. Rag1 Rxg1 29. Rxg1 Nxh3 30. Rg3 Nf4 31. Ke4 Ne2 32. Re3 Nc1 33. Nxb5
axb4 34. cxb4 Rb8 35. Nc7 Rc8 36. d6 Rd8 37. Kd5 Kf7 38. Kxe5 g5 39. Kd5 g4 40.
b5 Rg8 41. Re7+ Kf6 42. Ne8+ Kf5 43. Re5+ Kf4 44. d7 Nd3 45. Re4+ Kf3 46. d8=Q
Nf4+ 47. Rxf4+ Kxf4 48. Qd6+ Ke3 49. Qe6+ 1-0

[Event "Tournoi Skype 030B"]
[Site "Skype"]
[Date "????.??.??"]
[Round "8.36"]
[White "Franco Flores, Ximena"]
[Black "Farfallini, Michel"]
[Result "0-1"]
[WhiteElo "1000"]
[BlackElo "1446"]
[PlyCount "74"]

1. e4 e5 2. Nf3 Nc6 3. Bc4 Be7 4. c3 Nf6 5. Qe2 O-O 6. d4 exd4 7. cxd4 Bb4+ 8.
Nbd2 Re8 9. O-O d5 10. Ng5 dxc4 11. Qxc4 Be6 12. d5 Bxd5 13. exd5 Nxd5 14. Ndf3
Bd6 15. Rd1 Nce7 16. b3 h6 17. Ne4 Nb6 18. Qc2 Ned5 19. Nxd6 Qxd6 20. Bb2 Qg6
21. Qxg6 fxg6 22. Ne5 g5 23. Nc4 Nxc4 24. bxc4 Nf6 25. g3 b6 26. h4 gxh4 27.
gxh4 Re4 28. Rd4 Rae8 29. f3 Re2 30. Rb1 Nh5 31. Rg4 Rf8 32. f4 Rxf4 33. Rxf4
Nxf4 34. Kf1 Rh2 35. Be5 Rh1+ 36. Kf2 Rxb1 37. Bxf4 Rb2+ 0-1

[Event "Tournoi Skype 030B"]
[Site "Skype"]
[Date "????.??.??"]
[Round "8.37"]
[White "Hargez, Dany"]
[Black "Abate, Luigi"]
[Result "1-0"]
[WhiteElo "1296"]
[BlackElo "1119"]
[PlyCount "119"]

1. e4 e5 2. d4 exd4 3. Qxd4 Nc6 4. Qd1 Bc5 5. Nf3 d6 6. Bg5 Nf6 7. Bc4 h6 8.
Bh4 g5 9. Bg3 Nxe4 10. Qe2 Bf5 11. Bd5 Qe7 12. Nc3 Nxc3 13. Bxc6+ Bd7 14. Bxd7+
Kxd7 15. bxc3 Qxe2+ 16. Kxe2 Rae8+ 17. Kf1 Re6 18. Re1 Rhe8 19. Rxe6 Rxe6 20.
Nd4 a6 21. f3 Rf6 22. h3 d5 23. Kf2 Rb6 24. a4 Rb2 25. Ke2 Ra2 26. Rb1 b6 27.
a5 b5 28. Kd3 b4 29. cxb4 Ra3+ 30. c3 Be7 31. Nf5 Bf6 32. Be1 h5 33. Nd4 Kd6
34. Bg3+ Kd7 35. Nb3 c6 36. Nc5+ Kc8 37. Be1 d4 38. Nxa6 dxc3 39. Kc2 Ra2+ 40.
Kd3 c2 41. Rc1 Kb7 42. Nc5+ Kc7 43. Bc3 Be7 44. Be5+ Kc8 45. Rxc2 Rxc2 46. Kxc2
f6 47. Bg3 h4 48. Bf2 Kc7 49. Ne6+ Kd6 50. Nd4 Kd5 51. a6 Bxb4 52. a7 Bc5 53.
a8=Q Bxd4 54. Qa5+ c5 55. Be1 Kc4 56. Qa4+ Kd5 57. Qb3+ c4 58. Qb5+ Bc5 59.
Qd7+ Ke5 60. Bc3+ 1-0

[Event "Tournoi Skype 030B"]
[Site "Skype"]
[Date "????.??.??"]
[Round "8.38"]
[White "Ponz Lazaro, Ruperto"]
[Black "Tolaro, Filippa"]
[Result "1-0"]
[WhiteElo "1285"]
[BlackElo "1114"]
[PlyCount "47"]

1. d4 d5 2. Nf3 Bg4 3. Bf4 Nf6 4. Nbd2 e6 5. h3 Bf5 6. e3 c5 7. Ne5 Nc6 8. c3
Bd6 9. g4 Be4 10. f3 Bg6 11. h4 h6 12. Nxg6 fxg6 13. Bd3 Bxf4 14. Bxg6+ Ke7 15.
exf4 cxd4 16. cxd4 Nxd4 17. Nb3 Nxb3 18. Qxb3 Qa5+ 19. Ke2 Nd7 20. Rhc1 Qb6 21.
Qxb6 axb6 22. Rc7 Rac8 23. Rac1 Kd6 24. Rxc8 1-0

[Event "Tournoi Skype 030B"]
[Site "Skype"]
[Date "????.??.??"]
[Round "8.39"]
[White "Schuh, David"]
[Black "Bucherie, Volcy"]
[Result "0-1"]
[WhiteElo "1103"]
[BlackElo "1274"]
[PlyCount "94"]

1. d4 Nf6 2. c4 c5 3. e3 b5 4. Nc3 g6 5. Bd3 Bg7 6. Nge2 O-O 7. d5 d6 8. O-O a6
9. Qc2 b4 10. Ne4 Qa5 11. b3 Bf5 12. Nxf6+ Bxf6 13. e4 Bxa1 14. exf5 Nd7 15.
fxg6 fxg6 16. Re1 Ne5 17. Bh6 Nxd3 18. Rxa1 Nxf2 19. Bxf8 Rxf8 20. Nf4 Rxf4 21.
Rf1 Nd3 22. Qxd3 Rxf1+ 23. Kxf1 Qxa2 24. h4 Qa1+ 25. Kf2 Qf6+ 26. Kg3 Qe5+ 27.
Kh3 Kg7 28. g4 Kh6 29. Qd2+ Kg7 30. h5 gxh5 31. gxh5 Qxh5+ 32. Kg2 Qg4+ 33. Kf1
Qf3+ 34. Ke1 Qxb3 35. Qg5+ Kf7 36. Qf5+ Kg7 37. Qg5+ Kf7 38. Qf5+ Kg8 39. Qg5+
Kf8 40. Qf5+ Ke8 41. Qxh7 Qc3+ 42. Ke2 Qxc4+ 43. Qd3 Qa2+ 44. Qd2 b3 45. Kd1 b2
46. Qxb2 Qxb2 47. Ke1 c4 0-1

[Event "Tournoi Skype 030B"]
[Site "Skype"]
[Date "????.??.??"]
[Round "8.40"]
[White "Koohnavard, Neda"]
[Black "Le Bouill, Pierre"]
[Result "1-0"]
[WhiteElo "1000"]
[BlackElo "1260"]
[PlyCount "41"]

1. e4 d6 2. d4 c6 3. Nf3 Nf6 4. h3 g6 5. e5 dxe5 6. Nxe5 Bg7 7. Bc4 O-O 8. O-O
b5 9. Bb3 Nbd7 10. Nxc6 Qe8 11. c3 Bb7 12. Qf3 Bxc6 13. Qxc6 a6 14. Be3 e5 15.
Nd2 exd4 16. Bxd4 Qd8 17. Rfe1 Re8 18. Nf3 Qc8 19. Rxe8+ Qxe8 20. Ng5 h6 21.
Bxf7+ 1-0

[Event "Tournoi Skype 030B"]
[Site "Skype"]
[Date "????.??.??"]
[Round "8.41"]
[White "Samudio Villarreal, Eduardo"]
[Black "Conde, Abigail"]
[Result "0-1"]
[WhiteElo "1000"]
[BlackElo "1234"]
[PlyCount "48"]

1. e4 c5 2. d3 Nc6 3. g3 Nf6 4. Nc3 e6 5. Nf3 b5 6. b3 b4 7. Na4 Bb7 8. Bg2 Nd4
9. Nxd4 cxd4 10. Bb2 e5 11. Nc5 Bxc5 12. Qe2 a5 13. a4 bxa3 14. h4 axb2 15. Rb1
Bb4+ 16. c3 Bxc3+ 17. Kd1 Qb6 18. Kc2 a4 19. bxa4 Rxa4 20. Bf3 O-O 21. g4 Rfa8
22. g5 Ra1 23. Rxa1 bxa1=Q 24. Rxa1 Qb2+ 0-1

[Event "Tournoi Skype 030B"]
[Site "Skype"]
[Date "????.??.??"]
[Round "8.42"]
[White "Busto, Ricardo"]
[Black "Reese, Evan"]
[Result "1-0"]
[WhiteElo "1198"]
[BlackElo "1107"]
[PlyCount "45"]

1. d4 d5 2. c4 dxc4 3. Nc3 Nf6 4. Nf3 Bf5 5. e3 e6 6. Bxc4 Bd6 7. O-O O-O 8.
Re1 Nc6 9. Nh4 Ne7 10. Nxf5 Nxf5 11. e4 Nxe4 12. Nxe4 Be7 13. Bf4 Nxd4 14. Be3
c5 15. a3 b5 16. Ba2 Qb6 17. b4 Rad8 18. Qh5 Nc2 19. bxc5 Qc6 20. Bg5 Nxe1 21.
Rxe1 Bxg5 22. Nxg5 Qxc5 23. Qxh7# 1-0

[Event "Tournoi Skype 030B"]
[Site "Skype"]
[Date "????.??.??"]
[Round "8.43"]
[White "Santa Cruz, Oscar Ruben"]
[Black "Colangelo, Michele"]
[Result "0-1"]
[WhiteElo "1000"]
[BlackElo "1189"]
[PlyCount "36"]

1. e4 c5 2. Nf3 d6 3. Bb5+ Bd7 4. Nc3 e6 5. d4 a6 6. Bxd7+ Nxd7 7. Be3 Rc8 8.
O-O h6 9. e5 Be7 10. Bf4 dxe5 11. dxe5 g5 12. Bg3 f6 13. Re1 f5 14. a3 f4 15.
Bxf4 gxf4 16. Qd2 Bg5 17. g3 fxg3 18. fxg3 Bxd2 0-1

[Event "Tournoi Skype 030B"]
[Site "Skype"]
[Date "????.??.??"]
[Round "8.44"]
[White "Ortis, Yves"]
[Black "Ramirez, Luis Antonio"]
[Result "1-0"]
[WhiteElo "1148"]
[BlackElo "1049"]
[PlyCount "83"]

1. c4 d5 2. Nc3 c6 3. e3 Bf5 4. h3 g6 5. d4 Nf6 6. Nf3 h6 7. Qb3 e6 8. Qxb7
Nbd7 9. Qxc6 Rc8 10. Qa4 Ra8 11. c5 Bg7 12. Ne5 O-O 13. Nc6 Qe8 14. Bb5 Nb8 15.
Nxb8 Qxb8 16. Bc6 Ne4 17. Nxe4 dxe4 18. O-O Qd8 19. Bxa8 Qxa8 20. g4 Bxg4 21.
hxg4 h5 22. g5 f6 23. Qd7 Qd5 24. Qxd5 exd5 25. gxf6 Bxf6 26. Bd2 h4 27. Kg2 g5
28. Kh3 g4+ 29. Kxg4 Rf7 30. Kh3 Bg5 31. c6 Bd8 32. Rg1+ Kf8 33. Bb4+ Be7 34.
c7 Rf3+ 35. Kg2 h3+ 36. Kf1 Kf7 37. c8=Q Bh4 38. Qf8+ Ke6 39. Qc8+ Kf6 40. Qh8+
Ke6 41. Qxh4 h2 42. Qxh2 1-0

[Event "Tournoi Skype 030B"]
[Site "Skype"]
[Date "????.??.??"]
[Round "8.45"]
[White "Valencia Gutierrez, Victor Hugo"]
[Black "Erten, Ozlem"]
[Result "0-1"]
[WhiteElo "1000"]
[BlackElo "1138"]
[PlyCount "56"]

1. d4 d5 2. Nc3 Nf6 3. Nf3 g6 4. Bg5 Bg7 5. e4 dxe4 6. Ne5 O-O 7. Bc4 Nc6 8. f4
exf3 9. Qd2 Nxe5 10. Bb3 fxg2 11. Qxg2 Qxd4 12. Rd1 Qg4 13. Qf1 Qxg5 14. Qe2
Bg4 15. Rg1 Bxe2 16. Rxg5 Nf3+ 17. Kxe2 Nxg5 18. Bd5 Nxd5 19. Rxd5 e5 20. h4
Ne6 21. Ne4 Rad8 22. c4 Rxd5 23. cxd5 Nf4+ 24. Ke3 Nxd5+ 25. Kd2 Bh6+ 26. Kd3
f5 27. Ng3 Rd8 28. h5 Nf6+ 0-1

[Event "Tournoi Skype 030B"]
[Site "Skype"]
[Date "????.??.??"]
[Round "8.46"]
[White "Vervoort, Jean-Louis"]
[Black "Bland, Marilyn"]
[Result "0-1"]
[WhiteElo "1273"]
[BlackElo "1034"]
[PlyCount "62"]

1. d4 d5 2. Bf4 Nf6 3. Nd2 e6 4. e3 Be7 5. Ngf3 Nbd7 6. c3 b6 7. Bd3 c5 8. b3
cxd4 9. cxd4 Bb7 10. O-O O-O 11. Rc1 Ba3 12. Rc2 a5 13. Nb1 Bb4 14. a3 Be7 15.
Rc3 Rc8 16. Qc2 Rxc3 17. Qxc3 Qc8 18. Qd2 h6 19. Rc1 Bc6 20. b4 axb4 21. axb4
Qb7 22. b5 Bxb5 23. Bxb5 Nb8 24. Nc3 Ba3 25. Rc2 Na6 26. Bd3 Nb4 27. Nb5 Nxc2
28. Bxc2 Qa6 29. Qd3 Bb4 30. Be5 Rc8 31. Bb1 Rc1+ 0-1

[Event "Tournoi Skype 030B"]
[Site "Skype"]
[Date "????.??.??"]
[Round "8.47"]
[White "Hernandez Monzon, Alejandro"]
[Black "Baratta, Giuseppe"]
[Result "1-0"]
[WhiteElo "1242"]
[BlackElo "1000"]
[PlyCount "46"]

1. e4 e5 2. Nf3 Nc6 3. Nc3 Bc5 4. Be2 Nge7 5. Nxe5 Nxe5 6. d4 N5c6 7. dxc5 O-O
8. Bg5 d5 9. cxd6 Qxd6 10. O-O Nd4 11. Bxe7 Re8 12. Bxd6 cxd6 13. Qxd4 Rd8 14.
Nd5 Be6 15. Bc4 a6 16. Ne7+ Kf8 17. Bxe6 fxe6 18. Rad1 Kxe7 19. Qxg7+ Ke8 20.
Qxh7 Rac8 21. Rd2 d5 22. exd5 exd5 23. Re1+ Kf8 1-0

[Event "Tournoi Skype 030B"]
[Site "Skype"]
[Date "????.??.??"]
[Round "8.48"]
[White "Gerbaux, Regis"]
[Black "Montilla Bejarano, Mey"]
[Result "0-1"]
[WhiteElo "1075"]
[BlackElo "1116"]
[PlyCount "50"]

1. e4 d5 2. exd5 Qxd5 3. Nc3 Qa5 4. d4 Nf6 5. Bd2 c6 6. Nf3 Bf5 7. b3 e6 8. Bc4
Bb4 9. Na4 Bxd2+ 10. Nxd2 b5 11. Bxe6 fxe6 12. Nc5 Qc3 13. O-O Qxd4 14. Nb7 O-O
15. Re1 Na6 16. Na5 Ng4 17. Qe2 Rad8 18. Nxc6 Qxd2 19. Nxd8 Qxd8 20. Qxb5 Qh4
21. h3 Qxf2+ 22. Kh1 Nc7 23. Qd7 Ne3 24. Rg1 Qg3 25. Qd2 Ng4 0-1

[Event "Tournoi Skype 030B"]
[Site "Skype"]
[Date "????.??.??"]
[Round "8.49"]
[White "Delgado Abate, Bryan Xavier"]
[Black "Wildt, Gerti"]
[Result "1-0"]
[WhiteElo "1109"]
[BlackElo "1000"]
[PlyCount "113"]

1. d4 Nf6 2. c4 e6 3. Nc3 d5 4. cxd5 exd5 5. Nf3 Be7 6. Bg5 O-O 7. Bxf6 Bxf6 8.
e3 a6 9. Ne5 c5 10. Rg1 cxd4 11. exd4 Re8 12. f4 Nc6 13. Ke2 Nxd4+ 14. Kd3 Qb6
15. h4 Bf5+ 16. Kd2 Nb5 17. Bxb5 axb5 18. Qe2 Qd4+ 19. Qd3 Bxd3 20. Nxd3 b4 21.
Ne2 Qxd3+ 22. Kxd3 Re4 23. h5 Rae8 24. Rge1 Bh4 25. g3 Bf6 26. Rab1 h6 27. a3
bxa3 28. bxa3 Re3+ 29. Kc2 Rc8+ 30. Kd1 Rc7 31. Rc1 Rc6 32. a4 g6 33. hxg6 fxg6
34. g4 d4 35. Rxc6 bxc6 36. a5 d3 37. Nc1 Rg3 38. a6 d2 39. Re6 Bb2 40. Kxd2
Bc3+ 41. Kc2 Bd4 42. Rxg6+ Kh7 43. Rxc6 h5 44. Rc7+ Kg8 45. gxh5 Ra3 46. Nb3
Ra2+ 47. Kd3 Bb2 48. a7 Bg7 49. Rb7 Kh7 50. Nd4 Ra3+ 51. Ke4 Ra6 52. Nf5 Re6+
53. Kd5 Ra6 54. Rxg7+ Kh8 55. Rb7 Ra5+ 56. Kd6 Rxf5 57. a8=Q+ 1-0

[Event "Tournoi Skype 030B"]
[Site "Skype"]
[Date "????.??.??"]
[Round "8.50"]
[White "Latterra, Jeremias"]
[Black "Bellati, Fabio"]
[Result "1/2-1/2"]
[WhiteElo "1006"]
[BlackElo "1104"]
[PlyCount "79"]

1. e4 e6 2. d4 d5 3. Nc3 Ne7 4. Nf3 b6 5. Bd3 Ba6 6. Nb5 c6 7. a4 cxb5 8. axb5
Bb7 9. e5 a6 10. O-O axb5 11. Rxa8 Bxa8 12. Bxb5+ Bc6 13. Bd3 Ng6 14. Bg5 Be7
15. Bxe7 Qxe7 16. g3 O-O 17. Qe2 Bb7 18. h4 Nc6 19. h5 Nh8 20. Nh2 Nxd4 21. Qg4
Nf5 22. Bxf5 exf5 23. Qxf5 f6 24. exf6 Qxf6 25. Qxf6 Rxf6 26. g4 Nf7 27. Re1
Ng5 28. Re8+ Rf8 29. Rxf8+ Kxf8 30. Kg2 d4+ 31. Kg3 Kf7 32. f4 Ne4+ 33. Kh4 Kf6
34. Nf3 Bd5 35. g5+ Kf5 36. Nxd4+ Kxf4 37. Ne2+ Kf5 38. Nd4+ Kf4 39. Ne2+ Kf5
40. Nd4+ 1/2-1/2

[Event "Tournoi Skype 030B"]
[Site "Skype"]
[Date "????.??.??"]
[Round "8.51"]
[White "Jacinto Sebastian, Carlos Ivan"]
[Black "Jimenez Del Rosario, Alsis Raynely"]
[Result "1-0"]
[WhiteElo "1000"]
[BlackElo "1141"]
[PlyCount "27"]

1. d4 Nf6 2. Bf4 g6 3. Nc3 Bg7 4. e4 O-O 5. Qd2 d6 6. O-O-O Bg4 7. f3 Be6 8.
Bh6 Bxh6 9. Qxh6 d5 10. e5 Nfd7 11. h4 c5 12. h5 cxd4 13. hxg6 fxg6 14. Qxh7#
1-0

[Event "Tournoi Skype 030B"]
[Site "Skype"]
[Date "????.??.??"]
[Round "8.52"]
[White "Lai, Mattia"]
[Black "Dib, Catherine"]
[Result "1-0"]
[WhiteElo "1000"]
[BlackElo "1096"]
[PlyCount "79"]

1. d4 Nf6 2. Nf3 b6 3. c4 Bb7 4. e3 e6 5. Nc3 d6 6. Bd3 Be7 7. O-O O-O 8. e4
Nbd7 9. Qc2 c5 10. d5 e5 11. Ng5 h6 12. Nf3 a6 13. Ne2 b5 14. b3 Qc7 15. Ng3
Rfe8 16. Nf5 Nb6 17. Nxh6+ gxh6 18. Bxh6 Ng4 19. Qc1 Kh7 20. Ng5+ Kg6 21. Be2
Nxh6 22. h4 Bc8 23. f4 Ng4 24. f5+ Kg7 25. Bxg4 Bf6 26. Bh5 Qe7 27. Bxf7 Rf8
28. Ne6+ Bxe6 29. Bxe6 Bxh4 30. Qd1 Qf6 31. Qg4+ Bg5 32. Qh5 Nc8 33. Bd7 Ne7
34. Rf3 Bh4 35. Raf1 Ng8 36. Rh3 Rf7 37. Be6 Rff8 38. Rxh4 Nh6 39. g4 Rh8 40.
g5 1-0

[Event "Tournoi Skype 030B"]
[Site "Skype"]
[Date "????.??.??"]
[Round "8.53"]
[White "Torres, Vicky"]
[Black "Dodi, Roberto"]
[Result "1-0"]
[WhiteElo "1034"]
[BlackElo "1000"]
[PlyCount "93"]

1. Nc3 d5 2. e4 e6 3. d4 Nf6 4. e5 Nfd7 5. Nf3 c5 6. Be3 Nc6 7. Bb5 Qb6 8. O-O
Be7 9. Bxc6 Qxc6 10. Ne2 O-O 11. c3 b6 12. Qc2 Bb7 13. Bg5 Bxg5 14. Nxg5 g6 15.
Ng3 Qc8 16. Nh5 Qd8 17. Rfe1 Qxg5 18. Ng3 Rac8 19. Qa4 Bc6 20. Qxa7 Rb8 21. Qa3
c4 22. b3 b5 23. Qd6 Rbc8 24. b4 Rfe8 25. Re3 Qe7 26. Rf3 Qxd6 27. exd6 Rf8 28.
Ne2 Rcd8 29. a3 Nb6 30. h4 h5 31. Nf4 Rxd6 32. Nh3 f6 33. Re1 Bd7 34. Nf4 Kg7
35. Rg3 f5 36. Rxg6+ Kf7 37. Rg5 Rg8 38. Rxh5 e5 39. Rh7+ Kf8 40. Rxe5 Be8 41.
Ne6+ Rxe6 42. Rxe6 Bf7 43. Rxb6 Rg7 44. Rb8+ Be8 45. Rh8+ Rg8 46. Rxg8+ Kxg8
47. Rxe8+ 1-0

[Event "Tournoi Skype 030B"]
[Site "Skype"]
[Date "????.??.??"]
[Round "8.54"]
[White "Marroquin Mayhua, Silvia"]
[Black "Vasquez Donaire, Ivis Godofredo"]
[Result "1-0"]
[WhiteElo "1000"]
[BlackElo "1003"]
[PlyCount "113"]

1. d4 d5 2. Bf4 Nf6 3. Nc3 Bf5 4. e3 e6 5. Nf3 Nc6 6. Bd3 Bxd3 7. cxd3 Bb4 8.
a3 Bxc3+ 9. bxc3 O-O 10. O-O Re8 11. Re1 a5 12. c4 dxc4 13. dxc4 Nh5 14. Bg5
Qd6 15. c5 Qd5 16. Qd3 h6 17. e4 Qd7 18. Be3 Nf6 19. e5 Ng4 20. Bf4 b5 21. Re2
b4 22. h3 Ngxe5 23. Nxe5 Qd5 24. Qe4 Qxe4 25. Rxe4 Ra6 26. Nxc6 Rxc6 27. axb4
axb4 28. Rb1 g5 29. Bd2 f5 30. Re5 Ra6 31. Bxb4 Ra4 32. d5 Rea8 33. dxe6 Ra1
34. Rxa1 Rxa1+ 35. Be1 Ra8 36. e7 Re8 37. Re6 Kf7 38. Re5 Rxe7 39. Rxe7+ Kxe7
40. Bc3 Kd7 41. Bg7 Kc6 42. Bxh6 Kxc5 43. Bxg5 Kc4 44. h4 c5 45. h5 Kd3 46. h6
c4 47. h7 c3 48. h8=Q c2 49. Qd8+ Ke2 50. Qf8 Kd1 51. Qxf5 c1=Q 52. Bxc1 Kxc1
53. Qf4+ Kc2 54. Qe4+ Kc1 55. g4 Kd1 56. g5 Kd2 57. g6 1-0

[Event "Tournoi Skype 030B"]
[Site "Skype"]
[Date "????.??.??"]
[Round "8.55"]
[White "Schnell, Nicolas"]
[Black "Achicanoy, Yolanda"]
[Result "0-1"]
[WhiteElo "1000"]
[BlackElo "1000"]
[PlyCount "52"]

1. e4 e5 2. Bc4 Bc5 3. Nf3 Nc6 4. d3 Nf6 5. Nc3 d6 6. a3 a6 7. O-O b5 8. Ba2
O-O 9. Nh4 g6 10. Bh6 Nd7 11. Nf5 gxf5 12. Qf3 Qf6 13. Qg3+ Kh8 14. Bd2 Rg8 15.
Qf3 Nd4 16. Qd1 Qg6 17. g3 f4 18. Ne2 Nf3+ 19. Kg2 Nh4+ 20. Kh1 f3 21. Nc3 Nf6
22. Nd5 Bh3 23. Rg1 Bg2+ 24. Rxg2 fxg2+ 25. Kg1 Ng4 26. Ne7 Bxf2# 0-1